Southville International School and Colleges

Nineteen eighty-four / (Record no. 368270)

000 -LEADER
fixed length control field 00869nam a22002657a 4500
003 - CONTROL NUMBER IDENTIFIER
control field 0
005 - DATE AND TIME OF LATEST TRANSACTION
control field 20251018100708.0
008 - FIXED-LENGTH DATA ELEMENTS--GENERAL INFORMATION
fixed length control field 251018b xxu||||| |||| 00| 0 eng d
020 ## - INTERNATIONAL STANDARD BOOK NUMBER
International Standard Book Number 978-1-84749-857-1
050 ## - LIBRARY OF CONGRESS CALL NUMBER
Classification number PR 6029
Item number .R8 2023
100 ## - MAIN ENTRY--PERSONAL NAME
Personal name Orwell, George,
Dates associated with a name 1903-1950,
Relator term author.
245 ## - TITLE STATEMENT
Title Nineteen eighty-four /
Statement of responsibility, etc George Orwell.
250 ## - EDITION STATEMENT
Edition statement Third reprint.
260 ## - PUBLICATION, DISTRIBUTION, ETC. (IMPRINT)
Place of publication, distribution, etc Richmond, Surrey, United Kingdom :
Name of publisher, distributor, etc Alma Classics,
Date of publication, distribution, etc 2023.
300 ## - PHYSICAL DESCRIPTION
Extent 283 pages ;
Dimensions 20 cm.
490 ## - SERIES STATEMENT
Series statement Alma Classics
500 ## - GENERAL NOTE
General note Originally published in 1949.
Includes an introduction, notes and extra material.
504 ## - BIBLIOGRAPHY, ETC. NOTE
Bibliography, etc Includes bibliographical references.
650 ## - SUBJECT ADDED ENTRY--TOPICAL TERM
Topical term or geographic name as entry element Totalitarianism
Form subdivision Fiction.
650 ## - SUBJECT ADDED ENTRY--TOPICAL TERM
Topical term or geographic name as entry element Political fiction, English.
650 ## - SUBJECT ADDED ENTRY--TOPICAL TERM
Topical term or geographic name as entry element Dystopias
Form subdivision Fiction.
650 ## - SUBJECT ADDED ENTRY--TOPICAL TERM
Topical term or geographic name as entry element Psychological fiction.
830 ## - SERIES ADDED ENTRY--UNIFORM TITLE
Uniform title Alma Classics.
942 ## - ADDED ENTRY ELEMENTS (KOHA)
Source of classification or shelving scheme
Koha item type Books
Holdings
Permanent Location Price effective from Shelving location Sub Shelving location Source of acquisition Barcode Damaged status Date acquired Withdrawn status Koha item type Full call number Source of classification or shelving scheme Lost status Current Location Date last seen
Luxembourg Library2025-10-18Classic Section Library Fund21485 2025-11-19 BooksPR 6029 .R8 2023  Luxembourg Library2025-10-18
Powered by Koha